000 00757nam a2200205Ii 4500
003 JO-AjNU
008 230605s9999||||xx |||||||||||||| ||und||
040 _aJO-AjNU
_bara
_erda
_cJO-AjNU
041 _aara
050 1 4 _aBP195.M6.R391 1986
100 3 _aالراوي، عبد الستار عز الدين,
_eauthor
_941288
245 0 0 _aفلسفة العقل رؤية نقدية للنظرية الإعتزالية
250 _aط2
264 3 1 _aبغداد: دار الشؤون الثقافية العامة، 1986
300 _a155ص
_bمصادر الدراسة ص147-153
336 _atext
_btxt
_2rdacontent
337 _aunmediated
_bn
_2rdamedia
338 _avolume
_bnc
_2rdacarrier
650 4 _aالمعتزلة- فرقة اسلامية
_941289
999 _aA17592
_c21160
_d21160